|
|
|
|
| LEADER |
00000cam a2200000 7i4500 |
| 001 |
0000027340 |
| 005 |
20170314.0 |
| 008 |
170222 my a eng |
| 040 |
|
|
|a INS
|b eng
|c INS
|e rda
|
| 090 |
0 |
0 |
|a VO324
|
| 110 |
1 |
|
|a Kursus pengumpulan dan pemasukan data PIMS - PRISM ( Modul 2 ) : Property occupancy and rental survey ( POR ) dan property market survey ( PMS ) ,
|d 2015 5 - 8 Oktober
|c JPPH, Putrajaya
|
| 245 |
0 |
0 |
|a Kursus pengumpulan dan pemasukan data PIMS - PRISM ( Modul 2 ) : Property occupancy and rental survey ( POR ) dan property market survey ( PMS ) :
|b 5 - 8 Oktober 2015
|c Anjuran Pusat Pengurusan dan Teknologi Maklumat, INSPEN
|
| 264 |
|
0 |
|a Bangi :
|b Institut Penilaian Negara
|c 2015
|
| 300 |
|
|
|a 1 volume (Various pagings) :
|b illustration ;
|c 30 cm.
|
| 336 |
|
|
|a text
|2 rdacontent
|
| 337 |
|
|
|a unmediated
|2 rdamedia
|
| 338 |
|
|
|a volume
|2 rdacarrier
|
| 650 |
|
0 |
|a Sampling (Statistics)
|
| 710 |
1 |
|
|a INSPEN ( Institut Penilaian Negara )
|
| 999 |
|
|
|a VO00000876
|b BOOK
|c Course Notes
|e Default branch
|
| 999 |
|
|
|a VO00000877
|b BOOK
|c Course Notes
|e Default branch
|
| 999 |
|
|
|a VO00000957
|b BOOK
|c Course Notes
|e Default branch
|